Normal view
MARC view
- Management information system
Entry Topical Term
001 - CONTROL NUMBER
- control field: 126809
003 - CONTROL NUMBER IDENTIFIER
- control field: NUST
005 - DATE AND TIME OF LATEST TRANSACTION
- control field: 20241108114049.0
008 - FIXED-LENGTH DATA ELEMENTS
- fixed length control field: 241108|| aca||aabn | a|a d
040 ## - CATALOGING SOURCE
- Original cataloging agency: NUST
- Transcribing agency: NUST
150 ## - HEADING--TOPICAL TERM
- Topical term or geographic name entry element: Management information system
670 ## - SOURCE DATA FOUND
- Source citation: Work cat.: (NUST): Raymond McLeod,Jr 126808, Management information system , 1998.
